| 000 | 00334nam a22001337a 4500 | ||
|---|---|---|---|
| 020 | _a9789327216493 | ||
| 082 |
_a631.56 _bPAN/PO |
||
| 100 | _aPandey, Sadhna | ||
| 245 | _aPost-harvest management of horticultural crops | ||
| 260 |
_aLudhiana _bKalyani Publishers _c2011 |
||
| 700 | _aPandey,S.N | ||
| 700 | _aPandey,P.H | ||
| 942 | _cBK | ||
| 999 |
_c13910 _d13910 |
||